| 000 | 00451nmm a2200145Ia 4500 | ||
|---|---|---|---|
| 008 | 251105s9999||||xx |||||||||||||||||und|| | ||
| 041 | _aspa | ||
| 100 | _aMartínez, Ramón | ||
| 245 | 0 |
_aNos acechan todavía : _b Anotaciones para reactivar el movimiento LGTB |
|
| 264 |
_a[Madrid, España] : _bEditorial Egales, _c2020 |
||
| 300 | _a276 páginas | ||
| 650 | _aBiography | ||
| 856 | _uhttps://public.digitaliapublishing.com/a/137002 | ||
| 942 | _cCF | ||
| 999 |
_c106700 _d106700 |
||